El gaucho /

Na minha lista:
Detalhes bibliográficos
Autor principal: Pratt, Hugo (autor)
Outros Autores: Manara, Milo (autor) (autor)
Formato: Livro
Idioma:espanhol
Publicado em: Barcelona, España : Norma, 2003, c2003
Edição:2a edición
Colecção:(Manara Color ; 20)
Assuntos:
Tags: Adicionar Tag
Sem tags, seja o primeiro a adicionar uma tag!

MARC

LEADER 00000nam^a2200000^a^4500
001 000613179
005 20250526000000.0
009 20260310133617.31
020 |a 84-8431-799-4 
037 |a Acervo ITESO - Biblioteca 
041 |a GRA 
041 |a ESP 
082 |a 808. 83929  |b PRA 
100 |a Pratt, Hugo  |e (autor) 
245 1 3 |a El gaucho /  |c H. Pratt, M. Manara ; tr. por Victor Mora, Enrique S. Abulí. 
250 |a 2a edición 
264 4 |a Barcelona, España :  |b Norma,  |c 2003, c2003 
300 |a 142 p. ;  |c 30.0 cm. 
336 |a texto  |b txt  |2 rdacontenido 
337 |a sin mediación  |b n  |2 rdamedio 
338 |a volumen  |b nc  |2 rdasoporte 
440 1 |a (Manara Color ;  |v 20) 
500 |a Traducción de: El gaucho 
545 0 |a Hugo Pratt (1927-1995), escritor y dibujante italiano, conocido por sus historietas de Corto Maltese. Creció en Venecia pero iniciada la segunda guerra mundial su familia emigró a Etiopía. De regreso en Italia fundó con un grupo de compañeros el Grupo Venecia, que se dedicó a la creación y publicación de la revista Asso di Piche. Posteriormente viajaría a Argentina e Inglaterra, en donde desarrollaría sus técnicas de dibujo y acuarela. En 1967 inició la afamada serie de Corto Maltese, acerca de las aventuras de un lacónico y caballeroso capitán de barco que viaja alrededor del mundo proclamando un inexorable sentido de libertad. La serie, que consistía de 33 capítulos, se caracterizaba por mostrar con rigor los acontecimientos del mundo de principio de siglo XX, así por sus exóticos escenarios. Entre otras de sus conocidas obras se encuentran Los escorpiones del desierto, Jesuita Joe, Saint-Exúpery o El gaucho. Pratt por sí mismo se consolidó como una personalidad notable, que fue invitado a participar como actor en distintas películas, o que aparecía referido en innumerables historietas y programas del siglo XX. 
546 |a Edición gráfica con texto en español 
649 |a XX 
650 |a Militares en la Literatura 
650 |a Novela Gráfica -  |z Italia 
650 |a Novela Histórica -  |z Italia 
650 |a Novela Italiana 
650 |a Literatura Italiana -  |y Siglo XXI 
650 |a Literatura Erótica -  |z Italia 
650 |a Amor en la Literatura 
650 |a Guerra y Paz en la Literatura 
650 |a Inglaterra -  |x Historia -  |y Jorge III, 1760-1820 
650 |a Argentina -  |x Historia -  |y Guerra de Independencia, 1810-1818 
700 |a Manara, Milo  |e (autor) 
910 |a Fondo Castillo-Martínez 
920 |a Impresos - Libros 
930 |a Libros Antiguos y Raros 
940 |a Literatura 
905 |a 108 
901 |a 613179-10  |b IT2  |c LRA  |i D128374  |u 20250526 
902 |a https://opac.biblio.iteso.mx/vufind/Record/000613179